Top 50 Blues Albums - Statistics

General Stats
  • This quiz has been taken 5 times
  • The average score is 16 of 50
Answer Stats
Artist Albums % Correct
#8: Stevie Ray Vaughan and Double Trouble Texas Flood
100%
#12: Etta James At Last!
80%
#11: Stevie Ray Vaughan and Double Trouble Couldn't Stand the Weather
80%
#27: Stevie Ray Vaughan and Double Trouble In Step
80%
#16: John Mayall with Eric Clapton Blues Breakers
60%
#13: Albert King Born Under a Bad Sign
60%
#39: Canned Heat & John Lee Hooker Hooker 'n Heat
60%
#28: Mike Bloomfield, Al Kooper, and Steve Stills Super Session
60%
#45: John Mayall and the Bluesbreakers A Hard Road
40%
#40: Luther Allison Bad News is Coming
40%
#35: Blind Faith Blind Faith
40%
#48: B.B. King Completely Well
40%
#5: Muddy Waters Folk Singer
40%
#7: Muddy Waters Hard Again
40%
#3: Junior Wells' Chicago Blues Band Hoodoo Man Blues
40%
#21: Willie Dixon I Am the Blues
40%
#29: Mississippi Fred McDowell I Do Not Play No Rock 'n' Roll
40%
#4: Nina Simone Nina Simone Sings the Blues
40%
#43: Johnny Winter Second Winter
40%
#2: Tom Waits Small Change
40%
#47: T-Bone Walker T-Bone Blues
40%
#17: Mississippi John Hurt Today!
40%
#34: Skip James Today!
40%
#10: Magic Sam Blues Band West Side Soul
40%
#41: Muddy Waters After the Rain
20%
#24: Chris Rea (Blue Guitars)
20%
#36: John Mayall Blues from Laurel Canyon
20%
#25: Champion Jack Dupree Blues from the Gutter
20%
#1: Tom Waits Closing Time
20%
#6: Son House Father of Folk Blues
20%
#14: Muddy Waters Fathers and Sons
20%
#32: Elizabeth Cotten Folksongs and Instrumentals with Guitar
20%
#31: Skip James Greatest of the Delta Blues Singers
20%
#15: Hound Dog Taylor & the Houserockers Hound Dog Taylor & the Houserockers
20%
#18: John Lee Hooker I'm John Lee Hooker
20%
#26: Big Mama Thornton In Europe
20%
#9: John Lee Hooker It Serves You Right to Suffer
20%
#37: Junior Kimbrough Most Things Haven't Worked Out
20%
#22: Ry Cooder Paris, Texas
20%
#50: Buddy Guy & Junior Wells Play the Blues
20%
#23: Fenton Robinson Somebody Loan Me a Dime
20%
#30: Charley Musselwhite Stand Back! Here Comes Charley Musselwhite's South Side Band
20%
#20: Buddy Guy Sweet Tea
20%
#33: Taj Mahal Taj Mahal
20%
#19: Tom Waits The Heart of Saturday Night
20%
#49: J.B. Lenoir Alabama Blues
0%
#38: Ry Cooder & V.M. Bhatt A Meeting by the River
0%
#44: Ali Farka Touré with Ry Cooder Talking Timbuktu
0%
#42: Otis Spann The Biggest Thing Since Colossus
0%
#46: Taj Mahal The Natch'l Blues
0%
No matching quizzes found
Score Distribution
Percent of People with Each Score
Percentile by Number Answered
Your Score History
You have not taken this quiz